| 000 | 00493nam a22001577a 4500 | ||
|---|---|---|---|
| 005 | 20251108164333.0 | ||
| 008 | 250721s1992 xx 000 0 ara d | ||
| 082 | 1 | 4 | _a402/محم |
| 100 | 1 | _aياقوت، محمود سليمان | |
| 245 | 1 | 0 |
_aفقه اللغة و علم اللغة : _bنصوص و دراسات / |
| 264 | 1 |
_aالاسكندرية : _bدار المعرفة الجامعية، _c1992. |
|
| 300 | _a430ص | ||
| 650 | 1 | 7 | _aاللسانيات |
| 942 |
_2ddc _cBK |
||
| 999 |
_c9664 _d9664 |
||